Number theory : an introduction to proof /
Guardado en:
| Autor Principal: | |
|---|---|
| Formato: | Libro |
| Idioma: | English |
| Publicado: |
Scranton, Pa. :
International Textbook Co.,
c1970.
|
| Etiquetas: |
Agregar Etiqueta
Sin Etiquetas, Sea el primero en etiquetar este registro!
|
| LEADER | 00584cam a22001815 4500 | ||
|---|---|---|---|
| 001 | MAT.inmabb002076 | ||
| 008 | 700619s1970####pau######b####001#0#eng#d | ||
| 005 | 20160802132325.0 | ||
| 245 | 1 | 0 | |a Number theory : |b an introduction to proof / |c Charles Vanden Eynden. |
| 260 | |a Scranton, Pa. : |b International Textbook Co., |c c1970. | ||
| 300 | |a ix, 158 p. ; |c 24 cm. | ||
| 504 | |a Bibliografía: p. 149-150. | ||
| 510 | 4 | |a MR, |c 41 #5278 | |
| 020 | |a 0700223088 | ||
| 100 | 2 | |a Vanden Eynden, Charles, |d 1936- | |
| 084 | |a 11-01 |2 msc2000 | ||
| 010 | |a 77117417 | ||
| 859 | |h 11 |i V227 |p A-3726 |b BIB. MATEMATICA | ||
